000 01411nam a2200349 4500
001 0000023740
003 CO-CtgCURN
005 20250530175720.0
007 ta
008 160627s2011 000 0 eng d
020 _a9789562203234
040 _aCO-CtgCURN
_bspa
_ccoctgcurn
082 0 _a618.92
_bQ1
100 1 _aQuezada Lagos, Arnoldo.
245 1 0 _aPediatría ambulatoria /
_cArnoldo Quezada Lagos.
250 _a2a ed.
260 _aSantiago de Chile :
_bMediterraneo,
_c2011.
300 _axxi, 692 p.
336 _2rdacontent
337 _2rdamedia
_asin mediacion
_bn
338 _2rdacarrier
_avolumen
_bnc
504 _aIncluye bibliografia e indice.
505 8 _aControl y supervision de salud -- Nutricion, endocrinología, genetica y metabolismo -- Infectología -- Neumología -- Gastroenteroloia -- Otorrinolaringología -- Ginecología -- Dermatología -- Hematooncología -- Cardiología --Neurología -- Salud mental -- Cirugia y traumatología -- Miscelanea
650 1 4 _aPediatria.
908 _a160627
942 _cBK
_h618.92
_iQ1
_2ddc
_n0
999 _c23771
_d23771